| 000 | 00000nam##2200000za#4500 |
| 001 | 9.606754 |
| 003 | CaOODSP |
| 005 | 20240612102630 |
| 007 | cr ||||||||||| |
| 008 | 150406|2006||||xxc|||||o f|0| 0 fre|d |
| 040 | |aCaOODSP|bfre |
| 043 | |an-cn--- |
| 086 | 1 |aRv55-5/10-14-37-2006F-PDF |
| 110 | 2 |aAgence des services frontaliers du Canada. |
| 245 | 10|aDétermination de la composition des dessus de chaussures |h[ressource électronique] |
| 260 | |aOttawa - Ontario : |bAgence des services frontaliers du Canada |
| 300 | |a13p.|bill., photographies |
| 490 | 1 |aMémorandums D des douanes. D10, classification tarifaire/marchandises |vD10-14-37, le 23 mars 2006 |
| 590 | |a14-06-Supp|b2014-03-21 |
| 775 | 08|tDetermining the composition of uppers of footwear |w(CaOODSP)9.579180 |
| 776 | 0#|tDetermining the composition of uppers of footwear |w(CaOODSP)9.542878 |
| 776 | 0#|tDétermination de la composition des dessus de chaussures |w(CaOODSP)9.542879 |
| 830 | #0|aMémorandums D des douanes. D10, classification tarifaire/marchandises ;|vD10-14-37, le 23 mars 2006|w(CaOODSP)9.816826 |
| 856 | 40|ahttp://publications.gc.ca|qPDF|s1754 Ko|uhttps://publications.gc.ca/collections/collection_2014/asfc-cbsa/Rv55-5-10-14-37-2006-fra.pdf|yD10-14-37, le 23 mars 2006 |